000 00271nam a22001217a 4500
008 181001b xxu||||| |||| 00| 0 eng d
041 _aeng
080 _220 ED
_a531
100 _a43
101 _aFIZ
245 _aPhysics In The Century
_cSuplee,C
942 _2udc
_cBK
999 _c48713
_d48713